4. Tití me preguntó - Bad Bunny - Estadísticas

Estadísticas generales
  • Esta prueba ha sido intentada 48 veces
  • La puntuación promedio es 356 de 490
Estadísticas de respuestas
% Correcto
me
100%
Estribillo 2 | Verso Me
100%
ti,
100%
Tití
100%
Tití,
100%
eh,
97%
eh
97%
je,
97%
PR
97%
preguntó
97%
si
97%
Si
97%
mucha'
94%
Mucha'
94%
nah,
94%
nah
94%
no
94%
No
94%
novia',
94%
novia'
94%
novia,
94%
novia'?)
94%
te
94%
tengo
94%
Tengo
94%
a
91%
la'
91%
La
91%
la
91%
mañana
91%
otra,
91%
otra
91%
un
91%
una,
91%
una
91%
Una
91%
ni
88%
to'
88%
Hoy
84%
hoy
84%
pero
84%
Voz (pero
84%
y
84%
y,
84%
de
81%
las
81%
los
81%
que
81%
Que
81%
qué
81%
Sofía
81%
to'a
81%
toda'
81%
colombiana
78%
en
78%
Estribillo 1 Ey,
78%
ey,
78%
ey
78%
hay
78%
78%
Mi
78%
mi
78%
mí,
78%
Nicole,
78%
pa'
78%
se
78%
78%
vo'a
78%
yo
78%
Yo
78%
es
75%
María,
75%
primer
75%
VIP
75%
VIP,
75%
avión,
72%
boda
72%
cabrón
72%
día
72%
llamaba
72%
llevar
72%
primera
72%
amor,
69%
Barcelona
69%
dominicana
69%
El
69%
'el
69%
el
69%
gustan
69%
kinder,
69%
mucho
69%
Patricia,
69%
selfie,
69%
uva
69%
uva,
69%
ven
69%
"cheese",
66%
"cheese"
66%
corazón,
66%
corazón
66%
días,
66%
Gabriela,
66%
mexicana
66%
sabía,
66%
say
66%
va',
66%
dice
63%
está
63%
Thalía
63%
Vamo'
63%
vamo'
63%
con
59%
puedo,
59%
puedo
59%
quiero
59%
saluden
59%
son
59%
59%
tu
59%
ya
59%
Ya
59%
bicho
56%
escribe
56%
tirarno'
56%
tirarno
56%
vino
56%
amiga,
53%
Antonio
53%
bombón,
53%
bombón
53%
ella
53%
enamorarme,
53%
les
53%
metí
53%
mía'
53%
olvidaron
53%
quisiera
53%
San
53%
tiene'
53%
tiene
53%
caso
50%
confío,
50%
confío
50%
eso,
50%
quiere
50%
quiere'
50%
razón,
50%
romperte
50%
soy
50%
así,
47%
así
47%
enamore'
47%
mismo
47%
sonrían
47%
todita'
47%
Hazle
44%
mansión
44%
muchacho,
44%
muchacho
44%
¿para
44%
Sorry,
44%
todavía,
44%
uno
44%
deja
41%
dejo
41%
por
41%
Sorry,
41%
tanta'
41%
hace
38%
invitación,
38%
jueguen
38%
nuevo,
38%
nuevo
38%
aburrí,
34%
acá,
34%
frío
34%
quieren
34%
ser
34%
tener
34%
baby
31%
crédito
31%
inédito,
31%
primogénito,
31%
totito
31%
case
28%
diablo
28%
diablo,
28%
llevarse
28%
mal
28%
envío
25%
quedarte
25%
coño)
22%
mujer
22%
seria
22%
ese
19%
gravy,
19%
Voz (oye,
19%
calle,
16%
mudarme
16%
vivir
16%
azaroso,
13%
búscate
13%
suelta
13%
chacho
3%
No se encontraron pruebas coincidentes
Distribución de puntuación
Porcentaje de gente con cada puntuación
Porcentaje por número respondido
Historial de tus puntuaciones
No has intentado esta prueba.